| 000 | 01709nam a22003137a 4500 | ||
|---|---|---|---|
| 001 | 1540 | ||
| 003 | FISKH | ||
| 005 | 20230907155212.0 | ||
| 008 | 230905b cb ||||| |||| 00| 0 khr d | ||
| 020 | _a9789995005085 | ||
| 040 |
_aFISKH _beng _cFISKH _dFISKH |
||
| 082 | _a599.78 | ||
| 100 | _aStewart, Amber | ||
| 245 |
_aបន្តិចម្ដងៗ / _cអេមប៊ឺរ ស្ទេវ៉ាត - លែន ម៉ាឡូ - បកប្រែពីភាសាអង់គ្លេសដោយ ហួត វិច្ខិកា |
||
| 250 | _aបោះពុម្ពលើកទី៨ មិថុនា ២០២២ | ||
| 260 |
_aPhnom Penh : _bSipar, _c2008. |
||
| 300 |
_a27 pages : _bcolor illustrations ; _c24 cm |
||
| 490 | _aរឿងដំបូងៗ | ||
| 505 | _aG | ||
| 520 | _aដូដូជាកូនភេតូចមួយដែលមិនចេះហែលទឹក។ ប៉ុន្តែបន្តិចម្ដងៗ ដោយសារការជឿជាក់លើខ្លួនឯង ដូដូអាចហែលនិងលោតដាំដូង ក្នុងទឹកបានយ៉ាងស្ទាត់ ជាមួយមិត្តភក្ដិរបស់វា។ | ||
| 520 | _aDodo is a little boy who does not know how to swim. But gradually, due to his self-confidence, Dodo was able to swim and jump in the water with his friends. | ||
| 521 | 8 |
_a380
_bLexile estimate |
|
| 521 | 8 |
_aG
_bRaz-Plus |
|
| 650 |
_aហែល _vជំហាន _xអាច |
||
| 650 |
_aSwim _vStep by step _xBe able |
||
| 700 |
_aVichheka, Huot _eTranslator |
||
| 700 |
_aMarlow, Layn _eillustrator |
||
| 942 |
_2ddc _cBK _n0 |
||
| 999 |
_c1540 _d1540 |
||